ՀՀ Գիտությունների ազգային ակադեմիայի հիմնարար գիտական գրադարան  =   Fundamental Scientific Library of NAS RA

Пепо : (Record no. 326923)

MARC details
000 -LEADER
fixed length control field 00947nam a2200205 a 4500
001 - CONTROL NUMBER
control field 000981350
003 - CONTROL NUMBER IDENTIFIER
control field AM-YeHGA
005 - DATE AND TIME OF LATEST TRANSACTION
control field 20250618074226.0
008 - FIXED-LENGTH DATA ELEMENTS--GENERAL INFORMATION
fixed length control field 130912s1896 ||| r 000 0 rus d
040 ## - CATALOGING SOURCE
Original cataloging agency AM-YeHGA
041 1# - LANGUAGE CODE
Language code of text/sound track or separate title rus
Language code of original arm
090 ## - LOCALLY ASSIGNED LC-TYPE CALL NUMBER (OCLC); LOCAL CALL NUMBER (RLIN)
-- 328671
100 1# - MAIN ENTRY--PERSONAL NAME
Personal name Սունդուկյան, Գաբրիել Մկրտումի,
Dates associated with a name 1825-1912
9 (RLIN) 1589
245 10 - TITLE STATEMENT
Title Пепо :
Remainder of title Бытовая комедия в 3-х действиях /
Statement of responsibility, etc. Габриэла Сундукьянца; Пер. с арм. А. Цатуряна, Ю. Веселовского со вступ. ст. Ю. Веселовского.
260 ## - PUBLICATION, DISTRIBUTION, ETC.
Place of publication, distribution, etc. Москва :
Name of publisher, distributor, etc. Типо-литогр. Т-ва Кушнерев и К°,
Date of publication, distribution, etc. 1896.
300 ## - PHYSICAL DESCRIPTION
Extent 71 с.
653 0# - INDEX TERM--UNCONTROLLED
Uncontrolled term Армянская поэзия
700 1# - ADDED ENTRY--PERSONAL NAME
Personal name Ծատուրյան, Ալեքսանդր Հովսեփի,
Dates associated with a name 1865-1917
Relator term пер.
Relationship trl
9 (RLIN) 1663
700 1# - ADDED ENTRY--PERSONAL NAME
Personal name Веселовский, Юрий
Relator term авт. вступ. ст.
Relationship aui
Holdings
Withdrawn status Lost status Source of classification or shelving scheme Damaged status Not for loan Collection Home library Current library Date acquired Total checkouts Full call number Barcode Date last seen Price effective from Koha item type Public note
    Universal Decimal Classification     General Fundamental Scientific Library Fundamental Scientific Library 09/01/2017   PII/485314 FL0269201 09/01/2017 09/01/2017 Գրքեր / Books 30 Days Loan


ՀՀ ԳԱԱ հիմնարար գիտական գրադարան
ՀՀ,Երևան 0019
Մարշալ Բաղրամյան 24/6
հեռախոս:(374-10) 52-47-50
Հետադարձ կապ

All site content, except where otherwise noted, is licensed under a
Creative Commons License